书目信息 |
| 题名: |
人民政协智能资源论
|
|
| 作者: | ;唐山市政协课题组 著 | |
| 分册: | ||
| 出版信息: | 北京 红旗出版社 2002 |
|
| 页数: | 371页 | |
| 开本: | 20cm | |
| 丛书名: | ||
| 单 册: | ||
| 中图分类: | D627 | |
| 科图分类: | ||
| 主题词: | 政治--中国 | |
| 电子资源: | ||
| ISBN: | 7-5051-0754-2 | |
| 000 | 00613nam0 2200193 450 | |
| 001 | 0757866396 | |
| 005 | 20070922112847.68 | |
| 010 | @a7-5051-0754-2@b精装@dCNY25.00 | |
| 100 | @a20070720d2002 km y0chiy0120 ea | |
| 101 | 0 | @achi |
| 102 | @aCN@b110000 | |
| 200 | 1 | @a人民政协智能资源论@Aren min zheng xie zhi neng zi yuan lun@f唐山市政协课题组著@Ftang shan shi zheng xie ke ti zu zhu |
| 210 | @a北京@c红旗出版社@d2002 | |
| 215 | @a371页@d20cm | |
| 606 | 0 | @a政治@x中国 |
| 690 | @aD627@v3 | |
| 711 | 02 | @a唐山市政协课题组@Atang shan shi zheng xie ke ti zu@4著 |
| 801 | 0 | @aCN@bPFT@c20070922 |
| 905 | @a10447@dD627@e42 | |
| 人民政协智能资源论/唐山市政协课题组著.-北京:红旗出版社,2002 |
| 371页;20cm |
| ISBN 7-5051-0754-2(精装):CNY25.00 |
| ● |
| 相关链接 |
|
|
|
|
正题名:人民政协智能资源论
索取号:D627/42
 
预约/预借
| 序号 | 登录号 | 条形码 | 馆藏地/架位号 | 状态 | 备注 |
| 1 | 0609532 | 206095321 | 密集书库/ [索取号:D627/42] | 在馆 | |
| 2 | 0767595 | 207675951 | 第一样本阅览室/ [索取号:D627/42] | 在馆 |